Normal view MARC view

Entry Personal Name

Number of records used in: 1

001 - CONTROL NUMBER

  • control field: 1237020

003 - CONTROL NUMBER IDENTIFIER

  • control field: OSt

005 - DATE AND TIME OF LATEST TRANSACTION

  • control field: 20260430150259.0

008 - FIXED-LENGTH DATA ELEMENTS

  • fixed length control field: 260430|| aca||aabn | a|a d

040 ## - CATALOGING SOURCE

  • Original cataloging agency: OSt
  • Transcribing agency: OSt

100 ## - HEADING--PERSONAL NAME

  • Personal name: Washwa Arshiya Au.; Sarita Anand Gu

670 ## - SOURCE DATA FOUND

  • Source citation: Work cat.: (OSt)1849408: Washwa Arshiya Au.; Sarita Anand Gu., Gender Responsive Budgeting in Adolescent Girls' Education : A Micro-Implimentation Analysis of Kasturba Gandhi Balika Vidyalayas, 2022
Copyright @ Delhi University Library System